000 03469njm0a2200541 4500
001 RU\NLR\ONIZ\307706
005 20260215045246.0
035 _a(NLR Aleph) 022722390
071 0 0 _a33СМ-02765-6
090 _a13550552
_c13550552
100 _a20260215 rusy50
102 _aRU
126 _aabbxexu ux
_bxxx
127 _a004200
145 0 _ab
200 1 _aКонцерт № 7 для скрипки с оркестром
_bЗвукозапись
_eРе мажор
_eК. 271а
_aАдажио для скрипки с оркестром
_eМи мажор
_eК. 261
_aРондо для скрипки с оркестром
_eДо мажор
_eК. 373
_fВ. Моцарт
_gкаденции Дж. Энеску (1)
_gисполняют: Михаил Фихтенгольц, [скрипка], Ансамбль солистов Симфонического оркестра Московской гос. филармонии, дирижер Давид Ойстрах
203 _aМузыка
_bисполнительская
_cаудио
210 _aМосква
_cМелодия
_gВСГ
_eМосква
_d[19--]
215 _a1 грп. [ГОСТ 5289-68] (42 мин) : 33 об/мин, стерео
_d30 см, в конв.
300 _aКоммент. на конв.
606 1 _aКомпозиторы зарубежные
_yАвстрия
_z18 век
_jЗвукозапись
_2nlr_sh
606 1 _aИнструментальная музыка австрийская
_z18 век
_jЗвукозапись
_2nlr_sh
606 1 _aКонцерты для скрипки с оркестром
_yАвстрия
_z18 в.
_jЗвукозапись
_2nlr_sh
606 1 _aАдажио для скрипки с оркестром
_yАвстрия
_z18 в.
_jЗвукозапись
_2nlr_sh
_7ca
606 1 _aРондо для скрипки с оркестром
_xЗвукозапись
_yАвстрия
_z18 в.
_jЗвукозапись
_2nlr_sh
606 1 _aСкрипачи советские
_z20 век
_jЗвукозапись
_2nlr_sh
606 1 _aДирижёры советские
_z20 век
_jЗвукозапись
_2nlr_sh
606 1 _aИнструментальные ансамбли советские
_xисполнители
_yСССР
_z20 в.
_jЗвукозапись
_2nlr_sh
_7ca
686 0 _aЩ955.4-042(4А)
686 0 _aЩ955.4-057(4А)
686 0 _aЩ955.4-056(4А)
700 1 _9z08790
_aМоцарт
_bВ. А.
_f1756-1791
_gВольфганг Амадей
_4230
_7ca
702 1 _9z05790
_aФихтенгольц
_bМ. И.
_f1920-1985
_gМихаил Израилевич
_4545
_7ca
702 1 _9z06790
_aЭнеску
_bД.
_f1881-1955
_gДжордже
_4030
_7ca
702 1 _9z07790
_aОйстрах
_bД.
_f1908-1974
_gДавид
_4250
_7ca
712 0 2 _aАнсамбль солистов Академического симфонического оркестра Московской государственной филармонии
_4590
_7ca
790 1 _9z05702
_aFichtengolz
_bM. I.
_f1920-1985
_gMiсhail Izrailevič
_4545
_7ba
790 1 _9z06702
_aEnescu
_bG.
_f1881-1955
_gGeorge
_4030
_7ba
790 1 _9z07702
_aOjstrach
_bD.
_f1908-1974
_gDavid
_4250
_7ba
790 1 _9z08700
_aMozart
_bW. A.
_f1756-1791
_gWolfgang Amadeus
_4230
801 0 _aRU
_bNLR
_c20250522
_gPSBO
801 1 _aRU
_bNLR
_c20250522
_2rusmarc
801 2 _aRU
_bNLR
_c20260129
852 _aNLR
_gМг
_j3/10245
_m44281
_t1
942 _cREC
980 _aONIZ
980 _aNB